| 000 | 00724 a2200205 4500 | ||
|---|---|---|---|
| 020 | _a0070278938 | ||
| 035 | _a7814324 | ||
| 040 |
_aDLC _bDLC |
||
| 082 | _a005.73 | ||
| 100 | 1 | 0 | _aHeileman, Gregory L. |
| 245 | 1 | 0 |
_aData structures, algorithms, and object-oriented programming _c/ Gregory L. Heileman. |
| 260 | 0 |
_aNew Delhi _b: McGraw-Hill _c., 2002 |
|
| 300 |
_axvi, 446 p. _b: ill. _c; 24 cm. |
||
| 490 | 1 | _aMcGraw-Hill series in computer science. Fundamentals of computing and programming. | |
| 650 | 0 | _aData structures (Computer science) | |
| 650 | 0 | _aComputer algorithms. | |
| 650 | 0 | _aObject-oriented programming (Computer science) | |
| 830 | 0 | _aMcGraw-Hill computer science series | |
| 942 |
_cBK _k005.73 HEI _2ddc |
||
| 999 |
_c6473 _d6473 |
||